000 00489cam a2200193 4500
008 000000n2000 000 0 eng u
020 _a0421681004
035 _a(Sirsi) u109093
050 _a346.41043
100 _aHopkins, Nicholas
245 4 _aThe informal acquisition of rights in land.
260 _aLondon
_bSweet & Maxwell
_c2000
300 _axxvii, 266p. ; 22cm.
350 _a25.95
650 _aLAW
650 _aPROPERTY RIGHTS
690 _aPROPERTY
942 _n0
999 _c100880
_d100880